| 000 | 00668nam a22002177a 4500 | ||
|---|---|---|---|
| 999 |
_c3215 _d3215 |
||
| 003 | AR-CdUCM | ||
| 008 | 190306b ||||| |||| 00| 0 spa d | ||
| 040 |
_aMUNICIPALIDAD PROVINCIAL DEL CUSCO _cBIBLIOTECA MUNICIPAL DEL CUSCO |
||
| 082 |
_a869.5592 / _bM28A |
||
| 100 |
_aMatto de Turner, Clorinda _9719 |
||
| 245 | _aAves sin nido / | ||
| 260 |
_a[Lima] : _b"San Marcos". |
||
| 300 |
_a280 páginas ; _c16.5 cm. |
||
| 440 |
_aCatarsis literaria _910775 |
||
| 650 |
_aNarrativa cusqueña _910453 |
||
| 650 |
_aNovelas - indigenismo _910776 |
||
| 650 |
_aLiteratura - Perú _96480 |
||
| 650 |
_aClorinda Matto _910777 |
||
| 942 |
_2ddc _cLIBROS |
||
| 945 | _alccs | ||